000 00674nam a22002057i 4500
999 _c23390
_d23390
003 AR-CdUCM
008 250903b20192019 pe||||| |||| 00| 0 spa d
040 _aMUNICIPALIDAD PROVINCIAL DEL CUSCO
_cBIBLIOTECA MUNICIPAL DEL CUSCO
041 _hspa
082 _a498.511 /
_bL61 / I
100 _aLaguna Mayhua, Jackeline
_951492
245 _aRuna Siminchis I :
_bLengua Quechua /
260 _aCusco :
_bAutora-Editora
_c2019
300 _a125 páginas. :
_c21x15 cm.
500 _zPágina: 125
505 _aÑaupaq t'aqa Yachay -- Iskay T'aqa Yachay -- Kinsa t'aqay -- Tawa T'aqay
650 _aRuna Siminchis
_951493
942 _2ddc
_cLIBROS
945 _apbjr
_d3-09-2025